Regionalisation and labour flows in Pacific Asia
Saved in:
| Main Author: | |
|---|---|
| Corporate Author: | |
| Format: | Book |
| Language: | English |
| Published: |
Paris
OECD
1993
|
| Series: | Development Centre studies
|
| Subjects: | |
| Tags: |
No Tags, Be the first to tag this record!
|
MARC
| LEADER | 00000nam a2200000 4500 | ||
|---|---|---|---|
| 001 | c004591 | ||
| 005 | 20221214083702.3 | ||
| 020 | |a 92-64-14008-5 | ||
| 041 | 0 | |a eng | |
| 044 | |a FR | ||
| 245 | 1 | 0 | |a Regionalisation and labour flows in Pacific Asia |c Eng Fong Pang |
| 264 | 1 | |a Paris |b OECD |c 1993 | |
| 300 | |a 92 s. | ||
| 490 | 1 | |a Development Centre studies | |
| 830 | 0 | |a Development Centre studies | |
| 610 | 2 | 0 | |a Ázia |
| 610 | 2 | 0 | |a Tichomorie |
| 610 | 2 | 0 | |a regionalizácia |
| 610 | 2 | 0 | |a globalizácia |
| 610 | 2 | 0 | |a pohyb síl pracovných |
| 610 | 2 | 0 | |a pracovníci kvalifikovaní |
| 610 | 2 | 0 | |a pracovníci nekvalifikovaní |
| 100 | 1 | |a Pang, Eng Fong | |
| 710 | 2 | |a OECD. Development Centre | |